Word Ladder: Guess the Band II Quiz Stats

 Plays Quiz Updated Jul 29, 2018

Challenge
Share
Tweet
Embed
Score 0/63 Timer 07:00
6 Plays Today
Hint Word % Correct
Wish You Were ____, 1975HERE
98%
Slightly wetDAMP
96.6%
Rabbit cousinHARE
96.2%
City garbage repositoryDUMP
96.1%
Female equivalent to KnightDAME
95.3%
Wordless performerMIME
95.2%
Stupid, idioticDUMB
94.8%
Defy or challengeDARE
94.4%
Aid, assistHELP
91.8%
Back of footHEEL
91.3%
Dark red edible rootBEET
91.3%
Car horn soundBEEP
91%
Opposite 'profit' on ledgerLOSS
90.9%
♫ THE BAND: ____ Floyd ♫PINK
90.9%
Run Like ____, 1979HELL
90.6%
Better than good and betterBEST
90.6%
____, 1973 [hours, minutes, etc.]TIME
90%
What Do You ____ From Me, 1994WANT
89.7%
Cease work to relaxREST
89.5%
Untidy pileHEAP
89.2%
Oxidized ironRUST
89.2%
Strike with open palmSLAP
89.2%
Another Brick in the ____ (Part 2), 1979WALL
89%
Fermented grape beverageWINE
88.5%
Congregation of wolvesPACK
87.8%
____ For Words, 1994LOST
87.3%
Select, choosePICK
87.3%
Take It ____, 1994BACK
87.1%
Mimicked internet conceptMEME
86.3%
Miami NBA teamHEAT
86.1%
Comfortably ____, 1979NUMB
86%
Cabin building materialsLOGS
86%
Hint Word % Correct
Nothing more nor better thanMERE
85.9%
Moon's wax counterpartWANE
85.8%
Stop suddenlyHALT
84.8%
Benign viral skin growthWART
84.6%
Clue(do) roomHALL
84.3%
Thunderous soundCLAP
83.9%
Large, scholarly workTOME
82.4%
Young ____, 1979LUST
81.8%
Cut out newspaper adCLIP
80.5%
Illegal pitching move in baseballBALK
80.3%
Adult male red deerHART
79.8%
Take Up Thy Stethoscope and ____, 1967WALK
79.5%
____ Talking, 1994KEEP
79%
One ____, 1987SLIP
78.3%
Capsize, turn overKEEL
78.2%
Trade, exchangeSWAP
77.6%
Send telegramWIRE
77.3%
Flexible water conduitHOSE
76.6%
The Fletcher Memorial ____, 1983HOME
75.4%
Rock back and forthSWAY
74.9%
Partly decayed vegetable matterPEAT
70.2%
Blocker's Bonanza characterHOSS
69.2%
Dense fine-grained earthCLAY
68.6%
Lean and strongWIRY
68.1%
See Emily ____, 1967PLAY
66.6%
Light and breezyAIRY
65.2%
Chart of a piece of land PLAT
63.5%
On the Turning ____, 1987AWAY
62.2%
____ of War, 1987DOGS
60.4%
Amiss, askewAWRY
58.9%
Uncomfortable sleeping placeDOSS
50.2%

Today's Daily Dose

Word Ladder
Homophones Ate

Quick Pick
RGB Colors

On This Day
August 18th II

You're not logged in!

Compare scores with friends on all Sporcle quizzes.
Join for Free
OR
Log In

You Might Also Like...

Show Comments

Extras

Top Quizzes Today


Score Distribution

Your Account Isn't Verified!

In order to create a playlist on Sporcle, you need to verify the email address you used during registration. Go to your Sporcle Settings to finish the process.

Report this User

Report this user for behavior that violates our Community Guidelines.

Details: